000 00646nam a2200193 i 4500
001 154262
003 ES-MaACL
005 20260315185734.0
008 931025s1876 po |||| | por d
100 1 _aGarrett, Almeida.
_955660
245 1 0 _aPhilippa de Vilhena... /
_cV. de Almeida-Garret.
250 _a3ª ed.
260 _aLisboa :
_b[s.n.],
_c1876 (
_fImprensa Nacional)
300 _a265 p. ;
_c17 cm.
490 1 _aObras do Visconde de Almeida-Garrett ;
_v7. Theatro ; 4
830 0 _aObras do Visconde de Almeida-Garrett
_v7. Theatro ; 4
_9187864
852 _aES-MaACL
_jG-8618
_z-- Enc. pasta española
999 _c154262
_d154262